| 000 | 04206namaa22004211i 4500 | ||
|---|---|---|---|
| 003 | EG-GICUC | ||
| 005 | 20260414131359.0 | ||
| 008 | 260414s2025 ua a|||frm||| 000 0 eng d | ||
| 040 |
_aEG-GICUC _beng _cEG-GICUC _dEG-GICUC _erda |
||
| 041 | 0 |
_aeng _beng _bara |
|
| 049 | _aDeposit | ||
| 082 | 0 | 4 | _a428.2 |
| 092 |
_a428.2 _221 |
||
| 097 | _aPh.D | ||
| 099 | _aCai01.02.12.Ph.D.2025.No.R | ||
| 100 | 0 |
_aNouran Sadaqa Abd-Elrahman Sadaqa, _epreparation. |
|
| 245 | 1 | 4 |
_aThe Representation of immigration in american media discourse (2014-2019) : _b a critical-cognitive, corpus-based approach / _cby Nouran Sadaqa Abd-Elrahman Sadaqa ; Supervision Prof. Amira Agameya. |
| 246 | 1 | 5 |
_aتمثيل الهجرة في الخطاب الإعلامي الأمريكي(٢٠١٤-٢٠١٩) : _bتحليل نقدي إدراكي قائم على ذخيرة لغوية |
| 264 | 0 | _c2025. | |
| 300 |
_a245 pages : _billustrations ; _c25 cm. + _eCD. |
||
| 336 |
_atext _2rda content |
||
| 337 |
_aUnmediated _2rdamedia |
||
| 338 |
_avolume _2rdacarrier |
||
| 502 | _aThesis (Ph.D)-Cairo University, 2025. | ||
| 504 | _aBibliography: pages 226-245. | ||
| 520 | 3 | _aThis dissertation examines the ideological representation of refugees, asylum seekers, immigrants, and migrants (RASIM) in U.S. news media. Integrating Corpus Linguistics (CL), Critical Discourse Analysis (CDA), and cognitive-linguistic frameworks, it analyzes how Fox News, The New York Times, and USA Today construct immigration discourse. A 156-million-word corpus from 2014–2019 was studied using Sketch Engine to identify collocational patterns, concordances, and force-dynamic conceptualizations. The study investigates semantic prosody, nomination, and predication strategies to reveal ideological stances. Findings show that media outlets differ in foregrounding, backgrounding, or excluding RASIM groups, reflecting political orientation and presidential transitions. The research demonstrates the value of combining corpus-based and cognitive-discourse approaches for critical media analysis. | |
| 520 | 3 | _aتبحث هذه الدراسة في التمثيل الأيديولوجي للاجئين وطالبي اللجوء والمهاجرين في وسائل الإعلام الأمريكية. من خلال دمج اللغويات الكوربوسية (CL) والتحليل النقدي للخطاب (CDA) والأطر اللغوية الإدراكية، تحلل الدراسة كيف تقوم كل من قناة فوكس نيوز ونيويورك تايمز ويو إس إيه توداي ببناء خطاب الهجرة. تم استخدام كوربوس مكون من 156 مليون كلمة للفترة 2014–2019 عبر أداة Sketch Engine لتحديد الأنماط التركيبية للكلمات، والتحليلات السياقية، والمفاهيم الديناميكية للقوة. تبحث الدراسة في الدلالات الدلالية، واستراتيجيات التسمية والوصف، للكشف عن المواقف الأيديولوجية. أظهرت النتائج أن وسائل الإعلام تختلف في طريقة إبراز، أو إخفاء، أو تجاهل مجموعات اللاجئين والمهاجرين، بما يعكس الانتماءات السياسية والتغيرات في الإدارات الرئاسية. توضح الدراسة أهمية الجمع بين الأساليب الكوربوسية والتحليلية المعرفية لفهم تأثير وسائل الإعلام على التمثيلات الاجتماعية للهجرة | |
| 530 | _aIssues also as CD. | ||
| 546 | _aText in English and abstract in Arabic & English. | ||
| 650 | 0 | _aenglish language | |
| 650 | 0 | _aاللغة الانجليزية | |
| 653 | 1 |
_amedia discourse _asemantic prosody _aideology _acorpus _aforce _aassisted critical discourse analysis _adynamics _aالخطاب الإعلامي _aالبروز الدلالي |
|
| 700 | 0 |
_aAmira Agameya _ethesis advisor. |
|
| 900 |
_b01-01-2025 _cAmira Agameya _UCairo University _FFaculty of Arts _DDepartment of English |
||
| 905 | _aShimaa | ||
| 942 |
_2ddc _cTH _e21 _n0 |
||
| 999 | _c179481 | ||